[Event "36th Cappelle Open 2020"]
[Site "Cappelle-la-Grande"]
[Date "2020.02.28"]
[Round "9.9"]
[White "Terletsky, Oleg"]
[Black "Guliyev, Namig"]
[Result "0-1"]
[WhiteElo "2314"]
[BlackElo "2537"]
[Annotator "TA"]
[PlyCount "78"]
[EventDate "2020.02.22"]
[EventType "swiss"]
[EventCountry "FRA"]
[SourceTitle "playchess.com"]
[Source "ChessBase"]
[SourceQuality "1"]

{[%evp 18,78,24,8,75,-3,2,11,49,56,44,31,83,69,108,73,137,137,155,105,148,158,173,185,300,202,189,202,232,233,250,147,159,150,147,159,151,143,147,137,195,99,188,0,0,-280,-230,-393,-388,-367,-341,-541,-525,-29982,-29983,-29983,-29984,-29984,-29985,-29985,-29986,-29986,-29987]} 1. e4 c5 2. Nf3 e6 3. d4 cxd4 4. Nxd4 Nf6 5. Nc3 d6 6. Be3 a6 7. f3 b5 8. Qd2 Nbd7 9. g4 h6 10. O-O-O Ne5 {Recently 10...b4 got a lot of attention. B80: Sicilian Scheveningen: 6 g3 and 6 Be3, including English Attack.} (10... b4 $11 {keeps the balance.} 11. Nce2 d5) 11. Bd3 (11. a3 $16) 11... b4 $11 12. Nce2 {[%cal Bc3e2,Be2f4,Bf4h5][%mdl 32]} d5 {The position is equal.} 13. exd5 $1 Qxd5 14. Kb1 $1 {[#]} Be7 $146 (14... Bb7 $14) ({Predecessor:} 14... Nxd3 15. Qxd3 e5 16. Rhe1 Be7 17. c4 bxc3 18. Nxc3 Qb7 19. Nf5 Bxf5 20. Qxf5 O-O 21. g5 Rab8 22. Re2 g6 23. Qxe5 hxg5 24. Bd4 Qxf3 25. Qxe7 {1-0 (25) Perez Candelario,M (2522)-Oms Pallisse,J (2481) Lorca 2005}) 15. Nf4 $1 $36 {[%cal Rf4d5][%mdl 2048] White has good play.} Qd7 16. Be2 g5 (16... Bb7 $142) 17. Nh5 $1 Nxh5 18. gxh5 {aiming for f4.} Bb7 19. Rhf1 Bd5 20. b3 Rd8 (20... Nc6 {was necessary.} 21. f4 Be4 22. fxg5 hxg5) 21. Bxa6 {Bb5 is the strong threat.} O-O {[#]} 22. h4 $1 {[%mdl 512]} Ra8 (22... gxh4 23. Bxh6) 23. Bb5 $1 {[%cal Rb5d7]} ({Weaker is} 23. hxg5 Rxa6 24. gxh6 Kh8 $11) 23... Qb7 {[%cal Re5f3]} 24. hxg5 (24. Qe2 $18) 24... Nxf3 25. Rxf3 Bxf3 26. Rg1 Bxh5 27. gxh6+ Kh8 28. Bc6 Qa7 (28... Qa6 $16 29. Bxa8 Rxa8) 29. a4 (29. Bxa8 $18 Qxa8 30. Nc6 {[%mdl 64] Clearance} Qxc6 31. Bd4+ e5 32. Bxe5+ Bf6 33. Qf4) 29... bxa3 (29... Rad8 $16) 30. Ka2 $2 (30. Bxa8 $18 a2+ 31. Ka1 Qxa8 32. Bg5) 30... Rad8 $11 31. Qh2 $2 {[%mdl 8192] [#]} (31. Rg7 $11 Bg6 32. Qg2) 31... Qc5 $1 $19 {[%cal Rc5c3] Strongly threatening ...Qc3.} 32. Qf2 $2 (32. c4 {was forced.} Rxd4 {[#]} 33. Bd5 $1 {[%mdl 512]}) 32... Qc3 {[%csl Ga3][%cal Rc3b2]} 33. Rb1 Bg6 {White must now prevent ...e5.} 34. Bb5 (34. b4 $142 Qc4+ 35. Rb3 Rxd4 36. Bxd4+ Kh7 37. Ba4) 34... e5 35. Nc6 Bxc2 {Black mates.} 36. Nxe7 Bxb1+ 37. Kxa3 Ra8+ 38. Ba4 {[#]} Rxa4+ $1 {[%mdl 64] Clearance} 39. Kxa4 Ra8+ {Accuracy: White = 48%, Black = 55%.} 0-1

[Event "36th Cappelle Open 2020"]
[Site "Cappelle-la-Grande"]
[Date "2020.02.28"]
[Round "9.10"]
[White "Froeyman, Helmut"]
[Black "Demuth, Adrien"]
[Result "1/2-1/2"]
[WhiteElo "2251"]
[BlackElo "2500"]
[Annotator "TA"]
[PlyCount "194"]
[EventDate "2020.02.22"]
[EventType "swiss"]
[EventCountry "FRA"]
[SourceTitle "playchess.com"]
[Source "ChessBase"]
[SourceQuality "1"]

{[%evp 14,194,32,41,43,45,37,30,32,16,46,35,76,43,49,31,55,47,64,49,40,40,53,38,39,44,125,76,168,185,261,261,256,252,262,254,266,235,226,210,291,275,341,341,397,391,552,390,385,318,302,288,273,161,130,114,97,95,79,83,83,84,82,82,81,83,105,81,80,78,89,70,248,237,240,252,279,195,214,80,74,66,66,66,66,66,66,65,65,65,65,65,64,63,66,65,66,65,66,66,66,66,66,66,66,66,66,66,66,66,66,66,66,66,66,66,66,66,68,7,7,7,7,7,7,7,7,7,7,7,8,8,8,7,7,7,7,7,8,8,8,8,8,8,8,8,8,8,8,8,8,8,8,8,8,8,8,8,8,8,8,8,8,8,8,8,8,8,8,0,0,0,8,0,8,8,8,8,8,8,8,0,0]} 1. e4 e5 2. Nf3 Nc6 3. Bb5 a6 4. Ba4 g6 5. O-O Bg7 6. c3 Nge7 7. d4 exd4 8. cxd4 b5 {C60: Ruy Lopez: Unusual Black 3rd moves and 3...g6.} 9. Bc2 d6 10. h3 O-O {White has an edge.} 11. Re1 Bb7 12. Nc3 Rc8 {Recently 12...Qd7 got a lot of attention.} 13. Bf4 Na5 14. Qc1 c5 {[#]} 15. d5 $146 ({Predecessor:} 15. Bh6 cxd4 16. Bxg7 Kxg7 17. Nxd4 Nec6 18. Nxc6 Bxc6 19. Qd1 Qf6 20. Bb3 Nxb3 21. Qxb3 {½-½ (41) Sebag,M (2451)-Cornette,D (2444) Saint Quentin 2019}) 15... Nc4 16. Bd3 Ne5 17. Nxe5 dxe5 18. Be3 f5 19. f3 Qc7 ({Better is} 19... c4 $14 20. Bc2 Qd6) 20. Be2 f4 (20... c4 $16) 21. Bf2 $18 g5 (21... c4 $142 22. a4 b4) 22. a4 b4 {[#]} 23. Nb1 $1 {[%cal Bc3b1,Bb1d2,Bd2b3,Bb3c5][%mdl 32]} Ng6 24. Nd2 Rf7 {[#]} 25. d6 $1 {[%mdl 512]} Qxd6 26. Bc4 Nh8 27. Rd1 Qg6 28. Nb3 h5 29. Nxc5 g4 (29... Kh7 {might work better.} 30. Nxb7 Rxb7) 30. hxg4 hxg4 31. Nxb7 Rxc4 32. Qxc4 gxf3 {[%csl Gf3][%cal Rg6g2]} 33. Qf1 (33. Qc8+ $142 Bf8 34. Qh3 Rxb7 35. Qxf3) 33... Rxb7 34. Rd8+ Kh7 35. Rd3 Nf7 36. Bh4 Qxe4 {Black wants to play ...fxg2.} 37. Qxf3 Qxf3 38. gxf3 e4 39. fxe4 Bxb2 40. Rb1 Bg7 41. Be1 a5 42. Rd5 Re7 $2 (42... b3 $14) 43. Rxa5 Rxe4 {intending ...b3.} 44. Bxb4 Bd4+ 45. Kf1 {And now Rd5 would win.} f3 {[#] Hoping for ...Rh4.} 46. Be1 (46. Rb3 $1 $18) 46... f2 $16 47. Bxf2 Rf4 48. Rh5+ Nh6 $1 49. Rh2 Bxf2 50. Rb7+ Kg6 51. Rxf2 Rxa4 $14 {[%mdl 4096] Endgame KRR-KRN} 52. Rb6+ Kg5 53. Rb5+ Kg6 54. Rg2+ Rg4 55. Rb6+ Kg7 56. Ra2 Rg6 57. Ra7+ Nf7 58. Rb3 Rf6+ 59. Ke2 Re6+ 60. Kd3 Rd6+ 61. Ke4 Re6+ 62. Kd5 Rd6+ 63. Kc5 {Intending Rxf7+! and mate.} Rf6 64. Rg3+ Rg6 65. Rf3 (65. Re3 {looks sharper.} Rf6 66. Kd4 Kg6 67. Re8 Rf4+ 68. Ke3) 65... Rf6 $1 66. Rxf6 (66. Re3 $14) 66... Kxf6 {KR-KN. The position is equal.} 67. Kd5 Ng5 68. Ra1 Kf5 69. Rf1+ Kg4 70. Rf8 Kg3 71. Ke5 Nf3+ 72. Ke4 Ng5+ 73. Ke3 (73. Kf5 {with more complications.} Nf3 74. Rb8 Nd2 75. Rd8 Nf1 76. Ke4) 73... Kg4 74. Rf4+ Kh5 75. Ra4 Kg6 76. Kf4 Kf6 77. Ra6+ Ne6+ 78. Ke4 {Kd5 would kill now.} Ke7 79. Ke5 {Threatening mate with Ra7+.} Nc7 80. Rd6 (80. Ra1 {is interesting.} Kf7 81. Rf1+ Ke7 82. Rb1 Kd7 83. Rd1+) 80... Ne8 81. Rh6 Kd7 82. Ra6 Nc7 83. Rd6+ Ke7 84. Rh6 Kd7 85. Rg6 Ne8 86. Rg1 Nc7 87. Rd1+ Ke7 88. Rd2 (88. Ra1 {feels hotter.} Kd7 89. Rf1 Na8 90. Rf6 Nc7 91. Rf3) 88... Ne8 89. Rh2 Kd7 90. Rh7+ Kc6 91. Re7 Nc7 $1 92. Rg7 Ne8 93. Rg6+ Kd7 94. Re6 Nc7 95. Rb6 Ne8 96. Rb7+ Nc7 97. Rxc7+ Kxc7 {Black defended with fortune. Accuracy: White = 88%, Black = 80%.} 1/2-1/2

[Event "36th Cappelle Open 2020"]
[Site "Cappelle-la-Grande"]
[Date "2020.02.28"]
[Round "9.11"]
[White "Enchev, Ivajlo"]
[Black "Jogstad, Martin"]
[Result "1-0"]
[WhiteElo "2496"]
[BlackElo "2312"]
[Annotator "TA"]
[PlyCount "73"]
[EventDate "2020.02.22"]
[EventType "swiss"]
[EventCountry "FRA"]
[SourceTitle "playchess.com"]
[Source "ChessBase"]
[SourceQuality "1"]

{[%evp 9,72,3,10,12,27,40,44,28,63,10,10,0,-3,0,0,-4,4,19,0,7,20,-8,50,-8,76,91,91,86,102,70,151,0,0,0,84,0,0,-25,48,46,46,40,30,27,106,120,811,802,771,57,46,0,684,655,29994,29995,29995,29996,29996,29997,29997,29998,29998,29999,29999]} 1. c4 e6 2. d4 Nf6 3. Nf3 d5 4. g3 dxc4 5. Bg2 Bd7 6. O-O {E04: Open Catalan: 5 Nf3.} Bb5 7. Nc3 Ba6 8. e4 {[%mdl 1024] [#] White has compensation.White is slightly better.} c6 $146 ({Predecessor:} 8... Be7 9. d5 exd5 10. e5 Nfd7 11. e6 O-O 12. Qxd5 Nb6 13. Qf5 Nc6 14. a4 fxe6 15. Qxe6+ {1-0 (52) Kishkin,S (2378)-Rumyantsev,V (1725) ICCF email 2013}) 9. Bg5 ({White should try} 9. e5 $14 Nd5 10. Ng5) 9... Be7 10. Qc2 O-O 11. Rad1 Nbd7 12. Rfe1 h6 13. Bf4 Bb4 14. a3 $36 {[%mdl 2048] Black is under pressure.} Ba5 15. Qc1 Re8 (15... Bb5 $11) 16. g4 (16. e5 $14 Nd5 17. Bxh6) 16... Nxg4 (16... Qe7 $11 {keeps the balance.}) 17. e5 $1 $16 c5 18. d5 b5 19. h3 exd5 ({Better is} 19... b4 $14) 20. Rxd5 $2 (20. hxg4 $16 d4 21. g5) 20... Bb7 $11 21. Rdd1 b4 {[#]} (21... Bxf3 $11 {remains equal.} 22. Bxf3 Ngxe5 23. Bxe5 Nxe5 24. Rxe5 Rxe5 25. Rxd8+ Rxd8) 22. hxg4 (22. axb4 $1 $16 cxb4 23. Ne4 Nxf2 24. Nxf2) 22... bxc3 23. bxc3 {aiming for e6!} (23. e6 {looks sharper.} fxe6 24. bxc3 Qe7 25. g5 h5 26. Rxd7 Qxd7 27. Ne5) 23... Qc8 {[#]} (23... Re6 $1 $11) 24. e6 $1 $14 {[%cal Re6d7][%mdl 512]} Rxe6 25. Rxe6 fxe6 {[#]} 26. Bxh6 $1 {[%mdl 512]} gxh6 (26... Bd8 $11) 27. Qxh6 $16 Nf8 $2 {[%mdl 8192]} (27... Qe8 $16) 28. Qg5+ $18 Kh7 29. Qe7+ $2 ({White should play} 29. Ne5 $18 Rb8 30. Qe7+ Kh8 31. Qf6+ Kh7 32. Qf7+ Kh8 33. Qh5+ Kg8 34. Qg5+ Kh8 {[#]} 35. Rd7 $1 {[%mdl 512]} Qxd7 36. Nxd7 {[%mdl 64] Discovered Attack} Nxd7 37. Qh6+ {[%mdl 64] Double Attack} Kg8 38. Qxe6+ {[%mdl 64] Double Attack} Kh8 39. Bf1) 29... Kg8 $1 $14 {Hoping for ...Qc7.} 30. Qg5+ $2 {[%mdl 8192]} (30. Ne5 $14 Qc7 31. Qg5+ Qg7 32. Qxg7+ Kxg7 33. Bxb7) 30... Kh7 $18 31. Ne5 Bd8 32. Qh5+ {White mates.} Kg7 33. Qf7+ {[%mdl 64] Double Attack} Kh6 34. Qxf8+ Kg5 35. f4+ Kh4 36. Qh6+ Kg3 37. Qh2# {Accuracy: White = 73%, Black = 51%.} 1-0

[Event "36th Cappelle Open 2020"]
[Site "Cappelle-la-Grande"]
[Date "2020.02.28"]
[Round "9.12"]
[White "Terryn, Ezra"]
[Black "Wiedenkeller, Michael"]
[Result "0-1"]
[WhiteElo "2100"]
[BlackElo "2455"]
[Annotator "TA"]
[PlyCount "35"]
[EventDate "2020.02.22"]
[EventType "swiss"]
[EventCountry "FRA"]
[SourceTitle "playchess.com"]
[Source "ChessBase"]
[SourceQuality "1"]

{[%evp 14,35,4,-17,-11,-11,0,-16,18,0,39,13,23,-30,3,-50,-40,-41,-36,-48,-33,-36,-30,-36]} 1. e4 e5 2. Nf3 Nc6 3. d4 exd4 4. Nxd4 Nf6 5. Nxc6 bxc6 6. e5 Qe7 7. Qe2 Nd5 8. h4 (8. c4 $5 {[%cal Rc4d5]} Ba6 9. Nd2 $11) 8... a5 {C45: Scotch Game.} 9. g3 Ba6 10. c4 $1 {[#]} O-O-O $146 {The position is equal.} ({Predecessor:} 10... Nb6 11. Nd2 d5 12. exd6 Qxe2+ 13. Bxe2 cxd6 14. b3 Be7 15. Bb2 O-O 16. O-O d5 {1-0 (67) Nepomniachtchi,I (2732)-Giri,A (2771) Leuven 2017}) 11. b3 f6 12. Bb2 fxe5 13. Qd2 ({White should play} 13. Bh3) 13... Nf6 14. Qxa5 ({Reject} 14. Ba3 {[#]} Qxa3 $1 {[%mdl 512]} 15. Nxa3 Bb4 $17) (14. Bg2 $11) 14... Qb4+ $15 15. Qxb4 Bxb4+ 16. Nc3 Ne4 17. Rc1 Rhf8 18. Rc2 0-1